The house always wins (Record no. 65720)
[ view plain ]
| 000 -LEADER | |
|---|---|
| fixed length control field | 01056cam a2200229 4500 |
| 001 - CONTROL NUMBER | |
| control field | ABS63313 |
| 008 - FIXED-LENGTH DATA ELEMENTS--GENERAL INFORMATION | |
| fixed length control field | 000000n2000 000 0 eng u |
| 035 ## - SYSTEM CONTROL NUMBER | |
| System control number | (Sirsi) u110201 |
| 100 ## - MAIN ENTRY--PERSONAL NAME | |
| Personal name | Holmans, A. |
| 245 #4 - TITLE STATEMENT | |
| Title | The house always wins |
| 260 ## - PUBLICATION, DISTRIBUTION, ETC. | |
| Date of publication, distribution, etc. | 2000 |
| 490 ## - SERIES STATEMENT | |
| Series statement | Housing Today |
| Volume/sequential designation | (213) 7 December 2000, 16-17(2) |
| 520 ## - SUMMARY, ETC. | |
| Summary, etc. | "Counting the cost of housing: the future of housing costs in relation to income and access to home ownenship" produced by the Cambridge Centre of Housing and Planning Research on behalf of the National Housing Federation and the Chartered Institute of Housing analyses affordability of housing in terms of house prices and average earnings ratios. Predicts that house prices will continue to rise faster than earnings. Summary of report available from National Housing Federation 020 7843 2234. |
| 590 ## - LOCAL NOTE (RLIN) | |
| Local note | ABS |
| 650 ## - SUBJECT ADDED ENTRY--TOPICAL TERM | |
| Topical term or geographic name entry element | HOUSE PRICES |
| 650 ## - SUBJECT ADDED ENTRY--TOPICAL TERM | |
| Topical term or geographic name entry element | AVERAGE EARNINGS |
| 650 ## - SUBJECT ADDED ENTRY--TOPICAL TERM | |
| Topical term or geographic name entry element | AFFORDABILITY |
| 650 ## - SUBJECT ADDED ENTRY--TOPICAL TERM | |
| Topical term or geographic name entry element | HOUSEHOLDS |
| 650 ## - SUBJECT ADDED ENTRY--TOPICAL TERM | |
| Topical term or geographic name entry element | HOME OWNERSHIP |
| 690 ## - LOCAL SUBJECT ADDED ENTRY--TOPICAL TERM (OCLC, RLIN) | |
| Topical term or geographic name as entry element | HOUSING-OWNER OCCUPIED |
| 942 ## - ADDED ENTRY ELEMENTS (KOHA) | |
| Suppress in OPAC | 0 |
| Withdrawn status | Lost status | Source of classification or shelving scheme | Damaged status | Not for loan | Home library | Current library | Shelving location | Date acquired | Total Checkouts | Full call number | Barcode | Date last seen | Copy number | Price effective from | Koha item type |
|---|---|---|---|---|---|---|---|---|---|---|---|---|---|---|---|
| Dewey Decimal Classification | London | London | Journal article | 08/01/2001 | ABS63313 | 110201-1001 | 06/08/2019 | 1 | 06/08/2019 | Journal article |